| 000 | 00396nam a22001697a 4500 | ||
|---|---|---|---|
| 003 | SGT | ||
| 020 | _a9789395736794 | ||
| 082 |
_a616.855 _bU11C |
||
| 100 | _aCOLTON, RAYMOND H. | ||
| 245 | _aUNDERSTANDING VOCE PROBLEMS | ||
| 250 | _a4TH | ||
| 260 |
_aPHILADELPHIA _bWOLTERS KLUWER _c2011 |
||
| 300 | _a494 | ||
| 650 | _aAUDIOLOGY | ||
| 653 | _aUNDERSTANDING VOCE PROBLEMS | ||
| 942 |
_2ddc _cBK |
||
| 999 |
_c27084 _d27084 |
||